How to enjoy your life and your job : (Record no. 542070)
[ view plain ]
| 000 -LEADER | |
|---|---|
| fixed length control field | 00715pam a2200205 a 4500 |
| 020 ## - INTERNATIONAL STANDARD BOOK NUMBER | |
| International Standard Book Number | 0671546449 |
| 082 00 - DEWEY DECIMAL CLASSIFICATION NUMBER | |
| Classification number | 158/.1 |
| Author Mark | CAR |
| -- | n01,p190 |
| 100 1# - MAIN ENTRY--PERSONAL NAME | |
| Personal name | Carnegie, Dale, |
| 9 (RLIN) | 37163 |
| 245 10 - TITLE STATEMENT | |
| Title | How to enjoy your life and your job : |
| Remainder of title | selections from How to win friends and influence people, and How to stop worrying and start living / |
| Statement of responsibility, etc. | by Dale Carnegie ; foreword by Dorothy Carnegie. |
| 260 ## - PUBLICATION, DISTRIBUTION, ETC. | |
| Place of publication, distribution, etc. | New York : |
| Name of publisher, distributor, etc. | Simon and Schuster, |
| Date of publication, distribution, etc. | c1985. |
| 300 ## - PHYSICAL DESCRIPTION | |
| Extent | 207 p. ; |
| Dimensions | 23 cm. |
| 500 ## - GENERAL NOTE | |
| General note | Includes index. |
| 526 ## - STUDY PROGRAM INFORMATION NOTE | |
| Program name | 0 |
| Interest level | 0 |
| Reading level | 0 |
| Title point value | 158_100000000000000_CAR |
| 650 #0 - SUBJECT ADDED ENTRY--TOPICAL TERM | |
| Topical term or geographic name entry element | Conduct of life. |
| 650 #0 - SUBJECT ADDED ENTRY--TOPICAL TERM | |
| Topical term or geographic name entry element | NUST |
| 9 (RLIN) | 6342 |
| 650 #0 - SUBJECT ADDED ENTRY--TOPICAL TERM | |
| Topical term or geographic name entry element | Success. |
| 650 #0 - SUBJECT ADDED ENTRY--TOPICAL TERM | |
| Topical term or geographic name entry element | Worry. |
| 9 (RLIN) | 37164 |
| 700 12 - ADDED ENTRY--PERSONAL NAME | |
| Personal name | Carnegie, Dale, |
| 9 (RLIN) | 37163 |
| 942 ## - ADDED ENTRY ELEMENTS (KOHA) | |
| Source of classification or shelving scheme | |
| Koha item type | Book |
| Withdrawn status | Lost status | Source of classification or shelving scheme | Damaged status | Not for loan | Permanent Location | Current Location | Date acquired | Total Checkouts | Full call number | Barcode | Date last seen | Date last checked out | Price effective from | Koha item type |
|---|---|---|---|---|---|---|---|---|---|---|---|---|---|---|
| Military College of Engineering (MCE) | Military College of Engineering (MCE) | 09/19/2013 | 3 | 158/.1 CAR | MCE-39370 | 12/20/2016 | 11/30/2016 | 09/19/2013 | Book |
